Clickable Landlocked Countries Quiz Stats

 Plays Quiz Updated Feb 13, 2019

Support Sporcle.
Go Orange.
Score 0/45 Timer 05:00
4 Plays Today
% Correct
Austria
89.1%
Luxembourg
87%
Central African Republic
86.8%
Liechtenstein
86.5%
Chad
86.2%
Czechia
85.9%
Andorra
85.6%
Hungary
82.9%
Nepal
82.8%
Kyrgyzstan
82.3%
Mongolia
82.3%
Kazakhstan
82.2%
Lesotho
81.4%
Slovakia
81.1%
Switzerland
80.9%
Afghanistan
80.6%
Vatican City
79.3%
South Sudan
79.1%
Kosovo
78.1%
Bhutan
77.7%
Belarus
77.2%
Rwanda
76.7%
Botswana
76.1%
% Correct
Bolivia
76.1%
Tajikistan
75.4%
Eswatini
74.6%
Niger
73.7%
Moldova
72.4%
Turkmenistan
72.1%
Paraguay
71.7%
Uzbekistan
70.6%
Mali
70.5%
North Macedonia
70.3%
Malawi
70.2%
Burundi
70.1%
San Marino
69.3%
Burkina Faso
69.3%
Armenia
68.6%
Uganda
68.6%
Serbia
67.9%
Azerbaijan
65.4%
Zambia
62.4%
Ethiopia
59.3%
Zimbabwe
59.3%
Laos
57.6%

From the Vault

Visual Typing Challenge

by vikZ

Having more than the standard number of eyeballs might help you do even better.
Remove Ads.
Support Sporcle.
Get the best of Sporcle when you Go Orange. This ad-free experience offers more features, more stats, and more fun while also helping to support Sporcle. Thank you for becoming a member.

Show Comments

Extras

Top Quizzes Today


Score Distribution

Your Account Isn't Verified!

In order to create a playlist on Sporcle, you need to verify the email address you used during registration. Go to your Sporcle Settings to finish the process.

Report this User

Report this user for behavior that violates our Community Guidelines.

Details: